000 00794nam a22002297a 4500
999 _c18100
_d18100
003 AR-CdUCM
008 190511b ||||| |||| 00| 0 spa d
040 _aMUNICIPALIDAD PROVINCIAL DEL CUSCO
_cBIBLIOTECA MUNICIPAL DEL CUSCO
082 _a158.42 /
_bV58
100 _aViaud, Gaston
_938485
245 _aLos instintos /
260 _aBuenos Aires :
_bKapelusz.
_c1959.
300 _a180 páginas ;
_c22 cm.
440 _aBiblioteca de psicología contemporánea
_935689
505 _aContenido : Noción de instinto -- Ensayos de clasificación biológica de los instintos -- Instintos simples ...
650 _aPsicología
_91538
650 _aInstintos
_938486
650 _aMétodos
_920153
700 _aTalenton, Julio
_938487
942 _2ddc
_cLIBROS
945 _arah
_d2019/05/11